| 000 | 01337nam2a22002531 4500 | ||
|---|---|---|---|
| 001 | RU\NLR\INFOCOMM55\5000197721 | ||
| 005 | 20250617011431.0 | ||
| 035 | _a(NLR Aleph) 002337350 | ||
| 090 |
_a4472129 _c4472129 |
||
| 100 | _a20050217d1984 |||y0rusy50 ca | ||
| 101 | 0 | _arus | |
| 102 | _aRU | ||
| 105 | _ay ||||000|y | ||
| 200 | 1 |
_aТоварное выращивание лососевых в морской воде _fС.А. Владовская |
|
| 210 |
_d1984 _aБ. м. |
||
| 461 | 0 |
_1001RU\NLR\INFOCOMM55\5000197484 _12001#$aРыбное хозяйство$iСерия "Рыбохозяйственное использование ресурсов Мирового океана"$eОбзор. информ.$fЦНИИ информ. и техн.-экон. исслед. рыб. хоз-ва$v1984, Вып.3 _94471942 _cМ. _d1970- _fЦНИИ информ. и техн.-экон. исслед. рыб. хоз-ва _iСерия "Рыбохозяйственное использование ресурсов Мирового океана" _oОбзор. информ. _tРыбное хозяйство _x0203-1078 _v1984, Вып.3 |
|
| 700 | 1 |
_aВладовская _bС.А. _4070 |
|
| 801 | 1 |
_aRU _bInfoComm _c20050217 |
|
| 801 | 0 |
_aRU _bNLR _gPSBO |
|
| 852 |
_aNLR _jП13/1213 |
||
| 942 | _cISSUE | ||
| 980 | _aNB | ||
| 980 | _aRUSPER | ||